Parties in Power: Bulgaria Quiz Stats

 Plays Quiz not verified by Sporcle

Support Sporcle.
Go Orange.
Score 0/19 Timer 07:00
0 Plays Today
% Correct
Independent
100%
Imperial Russian Army
97.5%
Military
97.5%
GERB
65%
Bulgarian Socialist Party
60%
Bulgarian Communist Party
55%
Union of Democratic Forces
50%
Liberal Party
45%
Liberal Party (Radoslavists)
45%
National Movement Simeon II/National Movement for Stability and Progress
45%
% Correct
Conservative Party
42.5%
Bulgarian Agrarian National Union
37.5%
Democratic Party
37.5%
Zveno
37.5%
People's Party
32.5%
Progressive Liberal Party
30%
People's Liberal Party
27.5%
Democratic Alliance
25%
Warriors for the Advancement of the Bulgarianness
15%

You're not logged in!

Compare scores with friends on all Sporcle quizzes.
OR
Log In

From the Vault

Solar System Typing Challenge

by teedslaststand

You're going to have to type faster than the speed of light to finish this quiz.
Remove Ads.
Support Sporcle.
Get the best of Sporcle when you Go Orange. This ad-free experience offers more features, more stats, and more fun while also helping to support Sporcle. Thank you for becoming a member.

Show Comments

Extras

Top Quizzes Today


Score Distribution

Your Account Isn't Verified!

In order to create a playlist on Sporcle, you need to verify the email address you used during registration. Go to your Sporcle Settings to finish the process.

Report this User

Report this user for behavior that violates our Community Guidelines.

Details: